| 000 | 00565cam a2200169 a 4500 | ||
|---|---|---|---|
| 020 | _a1856492176 (hardback) | ||
| 020 | _a1856492184 (pbk.) | ||
| 040 | _cNJamC | ||
| 082 | 0 | 0 | _a333 ZED 1993 A020 Or. |
| 100 | 1 | _aShiva, Vandana. | |
| 245 | 1 | 0 |
_aMonocultures of the mind : _bperspectives on biodiversity and biotechnology / |
| 260 |
_aLondon, UK ; _aAtlantic Highlands, N.J., USA : _bZed Books ; _aPenang, Malaysia : _bThird World Network, _cc1993. |
||
| 300 |
_a184 p. : _bill. ; _c21 cm. |
||
| 650 | 0 | _aBiodiversity conservation. | |
| 650 | 0 | _aEcology. | |
| 942 | _cEK | ||
| 999 |
_c12776 _d12776 |
||